000 00674nam a22002177a 4500
003 UA-OsUOA
001 36870
007 ta
008 20060216b un ||||| |||| 00| 0 ukr d
100 _aЗленко Г.
090 _a82
_bЗ-11
942 _cSA
040 _aUA-OsUOA
_bukr
_cUA-OsUOA
_dUA-OsUOA
245 _aЗадавнена помилка. Про справжнього автора "Декількох нових штрихів до біографії Т. Г. Шевченка"
300 _aС.22-23
955 _a0
041 _aukr
080 _a82
773 0 _w36866
650 7 _a82 Література. Літературознавство
_2UDC
999 _c323106
_d323106